<?xml version="1.0" encoding="UTF-8"?>
<record
    xmlns:xsi="http://www.w3.org/2001/XMLSchema-instance"
    xsi:schemaLocation="http://www.loc.gov/MARC21/slim http://www.loc.gov/standards/marcxml/schema/MARC21slim.xsd"
    xmlns="http://www.loc.gov/MARC21/slim">

  <leader>02463nam a22003377a 4500</leader>
  <datafield tag="999" ind1=" " ind2=" ">
    <subfield code="c">21985</subfield>
    <subfield code="d">21985</subfield>
  </datafield>
  <controlfield tag="003">AR-CdUCM</controlfield>
  <controlfield tag="008">190425b           ||||| |||| 00| 0 spa d</controlfield>
  <datafield tag="040" ind1=" " ind2=" ">
    <subfield code="a">MUNICIPALIDAD PROVINCIAL DEL CUSCO</subfield>
    <subfield code="c">BIBLIOTECA MUNICIPAL DEL CUSCO</subfield>
  </datafield>
  <datafield tag="082" ind1=" " ind2=" ">
    <subfield code="a">Andes/N&#xB0;2/1995</subfield>
  </datafield>
  <datafield tag="110" ind1=" " ind2=" ">
    <subfield code="a">Universidad Nacional de San Antonio Abad del Cusco</subfield>
    <subfield code="9">15942</subfield>
  </datafield>
  <datafield tag="245" ind1=" " ind2=" ">
    <subfield code="a">Andes :</subfield>
    <subfield code="b">Revista de Ciencias Sociales /</subfield>
    <subfield code="c">Facultad de Ciencias Sociales</subfield>
  </datafield>
  <datafield tag="260" ind1=" " ind2=" ">
    <subfield code="a">Cusco.</subfield>
    <subfield code="b">Universitaria,</subfield>
    <subfield code="b">Amauta,</subfield>
    <subfield code="c">1995.</subfield>
  </datafield>
  <datafield tag="300" ind1=" " ind2=" ">
    <subfield code="a">286 p&#xE1;ginas. :</subfield>
    <subfield code="b">Ilustraciones ;</subfield>
    <subfield code="c">21 cm.</subfield>
  </datafield>
  <datafield tag="440" ind1=" " ind2=" ">
    <subfield code="a">Andes Revista Semestre de la Facultad de Ciencias Sociales semestre 95-I</subfield>
    <subfield code="n">N&#xB0; 2.1995</subfield>
    <subfield code="9">47063</subfield>
  </datafield>
  <datafield tag="505" ind1=" " ind2=" ">
    <subfield code="a">Contenido: El problema de los or&#xED;genes en el pensamiento andino prehisp&#xE1;nico, la cosmog&#xE9;nesis o el problema del mundo y los seres. Max Aguirre C&#xE1;rdenas. -- La cosmog&#xE9;nesis o el problema del mundo y los seres, cobo y la representaci&#xF3;n andina del espacio. Max Aguirre C&#xE1;rdenas. -- El Per&#xFA;, por que y para que la filosof&#xED;a. Francisco Miro Quesada Cantuarias. --  El estudio del comportamiento en la realidad andina. Gustavo Valdivia Rivera. -- Psicolog&#xED;a y folklore, psicoan&#xE1;lisis y an&#xE1;lisis psicosocial. Gustavo Valdivia Rivera. -- El Kharisiri, un enfoque epidemiol&#xF3;gico. Alison Spedding. --  El Kharisiri.  Spedding Pallet. -- Eficacia simb&#xF3;lica en la medicina tradicional andina un caso de comunicaci&#xF3;n y cultura. Efra&#xED;n C&#xE1;ceres. -- Preparando un inka. Juan N&#xFA;&#xF1;ez del Prado. -- Juego y sacralidad. Luis Negr&#xF3;n Alonso. -- K&#xE1;minakuay willankuy insultos y chistes. Luis Negr&#xF3;n Alonso. -- una estructura funeraria del horizonte medio en batan orq'o Cusco. Julinho Zapata Rodr&#xED;guez. -- Juan de Salas Vald&#xE9;s, un ilustre asturiano en el Per&#xFA; del siglo XVI. Mar&#xED;a del Carmen Martin Rubio. --  Hacia un calendario estelar general andino en el antiguo Per&#xFA;. Tom Zuidema.</subfield>
  </datafield>
  <datafield tag="650" ind1=" " ind2=" ">
    <subfield code="a">Historia del Cusco</subfield>
    <subfield code="9">1714</subfield>
  </datafield>
  <datafield tag="650" ind1=" " ind2=" ">
    <subfield code="a">Arqueolog&#xED;a del Cusco</subfield>
    <subfield code="9">44311</subfield>
  </datafield>
  <datafield tag="650" ind1=" " ind2=" ">
    <subfield code="a">Antropolog&#xED;a del Cusco</subfield>
    <subfield code="9">47059</subfield>
  </datafield>
  <datafield tag="650" ind1=" " ind2=" ">
    <subfield code="a">Psicolog&#xED;a</subfield>
    <subfield code="9">1538</subfield>
  </datafield>
  <datafield tag="650" ind1=" " ind2=" ">
    <subfield code="a">Filosof&#xED;a</subfield>
    <subfield code="9">395</subfield>
  </datafield>
  <datafield tag="700" ind1=" " ind2=" ">
    <subfield code="a">Aguirre C&#xE1;rdenas, Max</subfield>
    <subfield code="9">19737</subfield>
  </datafield>
  <datafield tag="700" ind1=" " ind2=" ">
    <subfield code="a">Quesada Cantuarias,  Francisco Miro</subfield>
    <subfield code="9">47064</subfield>
  </datafield>
  <datafield tag="700" ind1=" " ind2=" ">
    <subfield code="a">Valdivia Rivera, Gustavo</subfield>
    <subfield code="9">12923</subfield>
  </datafield>
  <datafield tag="700" ind1=" " ind2=" ">
    <subfield code="a">Miro Quesada Cantuarias, Francisco</subfield>
    <subfield code="9">11240</subfield>
  </datafield>
  <datafield tag="700" ind1=" " ind2=" ">
    <subfield code="a">Spedding, Alison</subfield>
    <subfield code="9">47065</subfield>
  </datafield>
  <datafield tag="700" ind1=" " ind2=" ">
    <subfield code="a">N&#xFA;&#xF1;ez del Prado, Juan</subfield>
    <subfield code="9">47066</subfield>
  </datafield>
  <datafield tag="700" ind1=" " ind2=" ">
    <subfield code="a">Rubio, Mar&#xED;a del Carmen Martin</subfield>
    <subfield code="9">47067</subfield>
  </datafield>
  <datafield tag="700" ind1=" " ind2=" ">
    <subfield code="a">Zuidema, Tom</subfield>
    <subfield code="9">47068</subfield>
  </datafield>
  <datafield tag="942" ind1=" " ind2=" ">
    <subfield code="2">ddc</subfield>
    <subfield code="c">PP</subfield>
  </datafield>
  <datafield tag="945" ind1=" " ind2=" ">
    <subfield code="a">vhl</subfield>
  </datafield>
  <datafield tag="952" ind1=" " ind2=" ">
    <subfield code="0">0</subfield>
    <subfield code="2">ddc</subfield>
    <subfield code="4">0</subfield>
    <subfield code="7">0</subfield>
    <subfield code="a">HEM</subfield>
    <subfield code="b">HEM</subfield>
    <subfield code="c">CART</subfield>
    <subfield code="d">2022-02-01</subfield>
    <subfield code="g">10.00</subfield>
    <subfield code="o">Andes/N&#xB0;2/1995</subfield>
    <subfield code="p">REVC000497</subfield>
    <subfield code="r">2022-02-01</subfield>
    <subfield code="y">PP</subfield>
  </datafield>
  <datafield tag="952" ind1=" " ind2=" ">
    <subfield code="0">0</subfield>
    <subfield code="2">ddc</subfield>
    <subfield code="4">0</subfield>
    <subfield code="7">0</subfield>
    <subfield code="a">HEM</subfield>
    <subfield code="b">HEM</subfield>
    <subfield code="c">CART</subfield>
    <subfield code="d">2022-02-01</subfield>
    <subfield code="g">10.00</subfield>
    <subfield code="o">Andes/N&#xB0;2/1995/e.2</subfield>
    <subfield code="p">REVC000498</subfield>
    <subfield code="r">2022-02-01</subfield>
    <subfield code="y">PP</subfield>
  </datafield>
</record>
